00482nam a22001931 4500001001300000003000400013005001700017008004100034010001700075025001900092050001600111082001100127100002100138245002200159260003600181300001900217650003500236999001700271sa 66007098 DLC20260227112301.0740123s1966 ii 00000 eng  asa 66007098  aPL480:I-E-66240 aDS384b.B58 a954.0410aBiswas, Sukumar.10aThree weeks' war.0 aCalcutta,bM. C. Sarkarc[1966] a122 p.c22 cm. 0aIndia-Pakistan Conflict, 1965. c70923d70923